[Event "Swiss Queens Wed #42"]
[Site "FIDE Online Arena INT"]
[Date "2024.11.13"]
[Round "8"]
[White "Badamkhand, Norovsambuu"]
[Black "Khachatryan, Anna"]
[Result "1-0"]
[WhiteElo "1958"]
[BlackElo "2118"]
[PlyCount "39"]
[EventDate "2024.11.13"]
[EventType "swiss (blitz)"]
[EventRounds "11"]
[EventCountry "NET"]
[SourceTitle "CB47_2024"]
[SourceDate "2024.11.20"]
[SourceVersion "1"]
[SourceVersionDate "2024.11.20"]
[SourceQuality "1"]

1. Nf3 c5 2. d4 cxd4 3. Nxd4 Nc6 4. e4 Nf6 5. Nc3 g6 6. Bc4 Bg7 7. Be3 0-0 8. f3 Qb6 9. Bb3 Nxe4 10. Nd5 Qa5+ 11. c3 Nf6 12. Nxc6 dxc6 13. Nxe7+ Kh8 14. Nxc8 Raxc8 15. 0-0 Rcd8 16. Qc2 Nd5 17. Bf2 Rd7 18. Rad1 Rfd8 19. Bh4 Nb6 20. Bxd8 1-0

[Event "Swiss Queens Wed #42"]
[Site "FIDE Online Arena INT"]
[Date "2024.11.13"]
[Round "10"]
[White "Badamkhand, Norovsambuu"]
[Black "Pertseva, Tatyana"]
[Result "0-1"]
[WhiteElo "1958"]
[BlackElo "1728"]
[PlyCount "62"]
[EventDate "2024.11.13"]
[EventType "swiss (blitz)"]
[EventRounds "11"]
[EventCountry "NET"]
[SourceTitle "CB47_2024"]
[SourceDate "2024.11.20"]
[SourceVersion "1"]
[SourceVersionDate "2024.11.20"]
[SourceQuality "1"]

1. Nf3 Nf6 2. d4 g6 3. c4 Bg7 4. g3 0-0 5. Bg2 c6 6. 0-0 d5 7. Nc3 Bf5 8. cxd5 cxd5 9. Qb3 b6 10. Ne5 Ne4 11. Nxd5 Bxe5 12. dxe5 Nc5 13. Qd1 Nc6 14. Nf6+ exf6 15. Bxc6 Rc8 16. Bg2 fxe5 17. Bh6 Re8 18. Qc1 Nb3 19. Qe3 Nxa1 20. Rxa1 Qd7 21. Qg5 Qe7 22. Qe3 f6 23. h4 Red8 24. a4 Qd7 25. h5 g5 26. f4 exf4 27. gxf4 Qd4 28. Qxd4 Rxd4 29. fxg5 fxg5 30. Bxg5 Rg4 31. Bf6 Be4 0-1

[Event "Swiss Queens Wed #42"]
[Site "FIDE Online Arena INT"]
[Date "2024.11.13"]
[Round "5"]
[White "Badamkhand, Norovsambuu"]
[Black "Pragnya, HG."]
[Result "0-1"]
[WhiteElo "1958"]
[BlackElo "1933"]
[PlyCount "82"]
[EventDate "2024.11.13"]
[EventType "swiss (blitz)"]
[EventRounds "11"]
[EventCountry "NET"]
[SourceTitle "CB47_2024"]
[SourceDate "2024.11.20"]
[SourceVersion "1"]
[SourceVersionDate "2024.11.20"]
[SourceQuality "1"]

1. d4 Nf6 2. c4 e6 3. Nf3 b6 4. g3 Bb7 5. Bg2 g6 6. 0-0 Bg7 7. Nc3 0-0 8. e4 Nxe4 9. Qc2 Nxc3 10. bxc3 d5 11. Ne5 Nd7 12. Ng4 Qc8 13. Nh6+ Kh8 14. Ng4 dxc4 15. Bxb7 Qxb7 16. h4 f5 17. Nh6 f4 18. Ng4 fxg3 19. fxg3 Rxf1+ 20. Kxf1 Qf3+ 21. Nf2 Rf8 22. Bf4 e5 23. dxe5 Bxe5 24. Bxe5+ Nxe5 25. Qe2 Qxg3 26. Rd1 Nd3 27. Rxd3 cxd3 28. Qb2 Qh3+ 29. Kg1 Qg3+ 30. Kf1 Rxf2+ 31. Qxf2 Qxf2+ 32. Kxf2 Kg7 33. Ke3 Kh6 34. Kxd3 Kh5 35. Kc4 Kxh4 36. Kb5 g5 37. Kc6 g4 38. Kxc7 g3 39. Kb7 g2 40. Kxa7 g1Q 41. a4 Qc5 0-1

[Event "Swiss Queens Wed #42"]
[Site "FIDE Online Arena INT"]
[Date "2024.11.13"]
[Round "9"]
[White "Hilario Huaranca, Aleyla Karen"]
[Black "Badamkhand, Norovsambuu"]
[Result "1-0"]
[WhiteElo "2010"]
[BlackElo "1958"]
[PlyCount "85"]
[EventDate "2024.11.13"]
[EventType "swiss (blitz)"]
[EventRounds "11"]
[EventCountry "NET"]
[SourceTitle "CB47_2024"]
[SourceDate "2024.11.20"]
[SourceVersion "1"]
[SourceVersionDate "2024.11.20"]
[SourceQuality "1"]

1. d4 d5 2. c4 c6 3. Nf3 Nf6 4. Nc3 g6 5. g3 Bg7 6. cxd5 cxd5 7. Bg2 0-0 8. 0-0 Nc6 9. Bf4 Bf5 10. a3 a6 11. Ne5 Rc8 12. Rc1 Na5 13. Na4 Nc4 14. Qb3 b5 15. Nc5 Qb6 16. Nxc4 dxc4 17. Rxc4 Be6 18. Nxe6 Qxe6 19. Rc3 Qxe2 20. Rxc8 Rxc8 21. Bb7 Rc2 22. Bxa6 Rxb2 23. Qc3 h6 24. Qc8+ Kh7 25. Qb7 Ng4 26. Qg2 Bxd4 27. Bc1 Ra2 28. Qd5 e6 29. Qxd4 Rc2 30. Bxb5 Qxb5 31. Qxg4 Qc6 32. Qf4 Kg8 33. Qxh6 Rc5 34. Be3 Rh5 35. Qf4 e5 36. Qb4 Qe6 37. h4 e4 38. Rd1 Rxh4 39. Qb8+ Kh7 40. Qd8 Rh5 41. Bd4 f6 42. Qxf6 Qg4 43. Qg7# 1-0

[Event "Swiss Queens Wed #42"]
[Site "FIDE Online Arena INT"]
[Date "2024.11.13"]
[Round "4"]
[White "Padmini, Rout"]
[Black "Badamkhand, Norovsambuu"]
[Result "0-1"]
[WhiteElo "2334"]
[BlackElo "1958"]
[PlyCount "98"]
[EventDate "2024.11.13"]
[EventType "swiss (blitz)"]
[EventRounds "11"]
[EventCountry "NET"]
[SourceTitle "CB47_2024"]
[SourceDate "2024.11.20"]
[SourceVersion "1"]
[SourceVersionDate "2024.11.20"]
[SourceQuality "1"]

1. Nf3 d5 2. g3 Nf6 3. Bg2 Bf5 4. 0-0 e6 5. d3 Be7 6. c4 c6 7. Nbd2 Nbd7 8. Qb3 Qb6 9. Qc2 0-0 10. Rb1 a5 11. b3 Qc7 12. e4 dxe4 13. dxe4 Bg6 14. Nh4 Nc5 15. Nxg6 hxg6 16. Bb2 Rfd8 17. Rbd1 a4 18. b4 Nd3 19. a3 Nxb2 20. Qxb2 Rd3 21. Nb1 Rad8 22. Rxd3 Rxd3 23. Qc2 Qd7 24. Qxa4 b5 25. cxb5 cxb5 26. Qc2 Ng4 27. Nc3 Ne5 28. Nd5 Rxa3 29. Nxe7+ Qxe7 30. Rd1 Qxb4 31. h4 Qc4 32. Qb2 Rc3 33. Qa1 Nc6 34. Qa8+ Kh7 35. Qf8 Rc1 36. Rxc1 Qxc1+ 37. Kh2 b4 38. Qxf7 b3 39. h5 gxh5 40. Qxe6 b2 41. Qf5+ Kg8 42. e5 Ne7 43. Qe6+ Kf8 44. Bd5 Nxd5 45. Qxd5 b1Q 46. Qd8+ Kf7 47. Qd7+ Kg8 48. Qe8+ Kh7 49. Qxh5+ Qh6 0-1

[Event "Wch Amateurs U2300"]
[Site "Rhodes"]
[Date "2024.11.04"]
[Round "9"]
[White "Badamkhand, Norovsambuu"]
[Black "Muratkuliev, Shohrat"]
[Result "1-0"]
[WhiteElo "1950"]
[BlackElo "2185"]
[PlyCount "95"]
[EventDate "2024.10.27"]
[EventType "swiss"]
[EventRounds "9"]
[EventCountry "GRE"]
[SourceTitle "CB45_2024"]
[Source "ChessBase"]
[SourceDate "2024.11.06"]
[SourceVersion "1"]
[SourceVersionDate "2024.11.06"]
[SourceQuality "1"]

1. d4 Nf6 2. c4 e5 3. dxe5 Ng4 4. Nf3 Bc5 5. e3 Nc6 6. a3 a5 7. b3 Ngxe5 8. Bb2 Nxf3+ 9. Qxf3 Bf8 10. Qg3 f6 11. Bd3 Kf7 12. h4 Bd6 13. f4 Ne7 14. Nd2 c6 15. e4 Bb8 16. e5 d5 17. Nf3 Nf5 18. Qf2 Ba7 19. c5 Re8 20. g4 Nh6 21. Bxh7 Bxg4 22. h5 Kf8 23. 0-0-0 f5 24. Rde1 Bxf3 25. Qxf3 Bxc5 26. Qc3 Qe7 27. Qh3 Qe6 28. Rh2 Re7 29. Rg2 d4 30. Rg6 Qd7 31. Rg5 Rae8 32. Qd3 Rf7 33. Bg6 Qd5 34. Bxf7 Kxf7 35. Reg1 Rg8 36. Rg6 Qe4 37. Qc4+ Qd5 38. Qxd5+ cxd5 39. Kd2 Ng4 40. Rg5 Ke6 41. h6 Nxh6 42. Rxg7 Rxg7 43. Rxg7 Nf7 44. Rg6+ Ke7 45. Rf6 b5 46. Rxf5 Nh6 47. Rf6 Ng4 48. Rc6 1-0

[Event "Wch Amateurs U2300"]
[Site "Rhodes"]
[Date "2024.10.28"]
[Round "2"]
[White "Badamkhand, Norovsambuu"]
[Black "Bartelt, Max Peter"]
[Result "0-1"]
[WhiteElo "1950"]
[BlackElo "2155"]
[PlyCount "74"]
[EventDate "2024.10.27"]
[EventType "swiss"]
[EventRounds "9"]
[EventCountry "GRE"]
[SourceTitle "CB45_2024"]
[Source "ChessBase"]
[SourceDate "2024.11.06"]
[SourceVersion "1"]
[SourceVersionDate "2024.11.06"]
[SourceQuality "1"]

1. d4 d5 2. c4 e6 3. Nf3 Nf6 4. g3 dxc4 5. Qa4+ Nbd7 6. Qxc4 a6 7. a4 c5 8. a5 b5 9. axb6 Bb7 10. dxc5 Bxc5 11. Nc3 Rc8 12. Qb3 Ng4 13. Nd1 0-0 14. Bg2 Nxb6 15. 0-0 Bd5 16. Qd3 Bc4 17. Qxd8 Rfxd8 18. Nc3 Nd5 19. h3 Nxc3 20. hxg4 Nxe2+ 21. Kh2 Nd4 22. Rh1 Nxf3+ 23. Bxf3 Bxf2 24. Be4 Bd4 25. Kg2 g6 26. Ra4 Bxb2 27. Bxb2 Rd2+ 28. Kf3 Rxb2 29. g5 Bb5 30. Rd4 e5 31. Rd6 Be2+ 32. Ke3 Rc3+ 33. Bd3 Rxd3+ 34. Rxd3 Bxd3 35. Kxd3 Rb3+ 36. Ke4 Rxg3 37. Kxe5 Rxg5+ 0-1

[Event "Wch Amateurs U2300"]
[Site "Rhodes"]
[Date "2024.10.27"]
[Round "1"]
[White "Michalek, Michal"]
[Black "Badamkhand, Norovsambuu"]
[Result "1-0"]
[WhiteElo "2158"]
[BlackElo "1950"]
[PlyCount "67"]
[EventDate "2024.10.27"]
[EventType "swiss"]
[EventRounds "9"]
[EventCountry "GRE"]
[SourceTitle "CB45_2024"]
[Source "ChessBase"]
[SourceDate "2024.11.06"]
[SourceVersion "1"]
[SourceVersionDate "2024.11.06"]
[SourceQuality "1"]

1. d4 d5 2. Nf3 Nf6 3. Bf4 e6 4. e3 Bd6 5. Nbd2 Nbd7 6. Bd3 Bxf4 7. exf4 c5 8. c3 Qb6 9. Qc2 Nf8 10. 0-0 Ng6 11. g3 Bd7 12. a4 Ne7 13. a5 Qc7 14. Rfe1 0-0 15. dxc5 Qxc5 16. Nb3 Qc7 17. a6 Rab8 18. Nbd4 Nc8 19. Ne5 Nd6 20. f3 h6 21. Ra2 Rfc8 22. axb7 Nxb7 23. Rxa7 Qb6 24. Rea1 Be8 25. R1a6 Qc5 26. b4 Qxc3 27. Ndc6 Qe1+ 28. Kg2 Rc7 29. Qf2 Qxf2+ 30. Kxf2 Bxc6 31. Rxc6 Re7 32. Rb6 Rc7 33. Nc6 Rbc8 34. Rbxb7 1-0

[Event "Swiss Queens Wed #38"]
[Site "FIDE Online Arena INT"]
[Date "2024.10.16"]
[Round "2"]
[White "Badamkhand, Norovsambuu"]
[Black "Doluhanova, Evgeniya"]
[Result "0-1"]
[WhiteElo "1950"]
[BlackElo "2273"]
[PlyCount "48"]
[EventDate "2024.10.16"]
[EventType "swiss (blitz)"]
[EventRounds "11"]
[EventCountry "NET"]
[SourceTitle "CB43_2024"]
[Source "Chessbase"]
[SourceDate "2024.10.23"]
[SourceVersion "1"]
[SourceVersionDate "2024.10.23"]
[SourceQuality "1"]

1. Nf3 Nf6 2. d4 e6 3. g3 c5 4. c4 cxd4 5. Nxd4 Nc6 6. Bg2 Bc5 7. e3 d5 8. cxd5 exd5 9. Nb3 Bb6 10. 0-0 0-0 11. Nc3 Bg4 12. Qd3 d4 13. Nxd4 Nxd4 14. exd4 Bxd4 15. Qb5 Rc8 16. Qxb7 Rxc3 17. bxc3 Bxc3 18. Ba3 Re8 19. Rac1 Bd2 20. Qxa7 Bxc1 21. Rxc1 Be6 22. Bc5 Qd2 23. Be3 Qxa2 24. Qa3 Qxa3 0-1

[Event "Swiss Queens Wed #38"]
[Site "FIDE Online Arena INT"]
[Date "2024.10.16"]
[Round "10"]
[White "Badamkhand, Norovsambuu"]
[Black "Karimova, Guldona"]
[Result "0-1"]
[WhiteElo "1950"]
[BlackElo "2115"]
[PlyCount "144"]
[EventDate "2024.10.16"]
[EventType "swiss (blitz)"]
[EventRounds "11"]
[EventCountry "NET"]
[SourceTitle "CB43_2024"]
[Source "Chessbase"]
[SourceDate "2024.10.23"]
[SourceVersion "1"]
[SourceVersionDate "2024.10.23"]
[SourceQuality "1"]

1. Nf3 Nf6 2. d4 e6 3. c4 b6 4. g3 Bb4+ 5. Bd2 Be7 6. Bg2 Bb7 7. 0-0 0-0 8. Nc3 c5 9. e3 d6 10. Qc2 Nbd7 11. e4 e5 12. dxe5 Nxe5 13. Nxe5 dxe5 14. Rad1 Qc8 15. Bg5 h6 16. Bxf6 Bxf6 17. Nd5 Bd8 18. Qc3 Qe6 19. Rd3 Bxd5 20. cxd5 Qd6 21. Bh3 Bf6 22. Rc1 a5 23. a4 Rab8 24. b3 h5 25. Rf3 g6 26. Qe3 Kg7 27. Qd2 Rh8 28. Rf1 Rbd8 29. Rd3 h4 30. g4 g5 31. Bg2 Be7 32. h3 Qb8 33. Rc1 f6 34. Rdc3 Bd6 35. Qe2 Qc8 36. Qb5 Qb7 37. Bf1 Rc8 38. Qd3 Qd7 39. Qc2 Rb8 40. Bb5 Qe7 41. Bc6 Rhd8 42. Qd3 Rdc8 43. Qb5 Rd8 44. Qe2 Rf8 45. Bb5 Qf7 46. Rc4 Rfd8 47. Qb2 Qg6 48. f3 Qf7 49. Kg2 Qe7 50. b4 axb4 51. Qb3 Ra8 52. R4c2 Ra5 53. Bc6 Rc8 54. Bb5 Rc7 55. Rc4 Rca7 56. Qc2 Qb7 57. Qb3 Qb8 58. Qc2 Qa8 59. Qb3 Qb8 60. R4c2 Qa8 61. Rc4 Rxb5 62. axb5 Ra3 63. Qb1 Ra2+ 64. R1c2 Ra3 65. Qb2 Qa4 66. Qb1 Qa5 67. Rb2 Qa4 68. Rcc2 Qa5 69. Ra2 b3 70. Rxa3 Qxa3 71. Rb2 c4 72. Qc1 Qb4 0-1

[Event "Swiss Queens Wed #38"]
[Site "FIDE Online Arena INT"]
[Date "2024.10.16"]
[Round "4"]
[White "Badamkhand, Norovsambuu"]
[Black "Nithyalakshmi, Sivanesan"]
[Result "1-0"]
[WhiteElo "1950"]
[BlackElo "1938"]
[PlyCount "65"]
[EventDate "2024.10.16"]
[EventType "swiss (blitz)"]
[EventRounds "11"]
[EventCountry "NET"]
[SourceTitle "CB43_2024"]
[Source "Chessbase"]
[SourceDate "2024.10.23"]
[SourceVersion "1"]
[SourceVersionDate "2024.10.23"]
[SourceQuality "1"]

1. Nf3 e6 2. d4 d5 3. c4 Nf6 4. g3 Bb4+ 5. Bd2 Bxd2+ 6. Nbxd2 0-0 7. Bg2 c6 8. 0-0 Na6 9. a3 Rb8 10. Qc2 Bd7 11. e4 dxe4 12. Nxe4 Nxe4 13. Qxe4 Qe7 14. Rfe1 h6 15. Rad1 Rfd8 16. Bf1 Nc7 17. Bd3 g6 18. Ne5 Qf6 19. Re3 Be8 20. Rf3 Qg7 21. h4 f5 22. Qe3 g5 23. hxg5 hxg5 24. Bf1 Bh5 25. g4 f4 26. Qd3 Qxe5 27. dxe5 Rxd3 28. Rfxd3 Bxg4 29. Rd8+ Rxd8 30. Rxd8+ Kf7 31. Rd7+ Kf8 32. Rxc7 b6 33. Rxa7 1-0

[Event "Titled Tuesday intern op 23rd Apr Early"]
[Site "Chess.com INT"]
[Date "2024.04.23"]
[Round "6"]
[White "Badamkhand, Norovsambuu"]
[Black "Cogan, Nicolas"]
[Result "1-0"]
[WhiteElo "1927"]
[BlackElo "2110"]
[PlyCount "129"]
[EventDate "2024.04.23"]
[EventType "swiss (blitz)"]
[EventRounds "11"]
[EventCountry "USA"]
[SourceTitle "EXT 2025"]
[Source "ChessBase"]
[SourceDate "2024.10.14"]
[SourceVersion "1"]
[SourceVersionDate "2024.10.14"]
[SourceQuality "1"]

1. Nf3 Nf6 2. d4 d5 3. c4 e6 4. g3 dxc4 5. Bg2 Nc6 6. 0-0 Bd6 7. Nbd2 c3 8. bxc3 0-0 9. e4 e5 10. Qc2 Bg4 11. h3 Bh5 12. d5 Nb8 13. c4 Nbd7 14. Nb3 b6 15. Be3 Qe7 16. Rac1 Bg6 17. Nfd2 Nc5 18. Nxc5 Bxc5 19. Bxc5 Qxc5 20. Nb3 Qd6 21. c5 bxc5 22. Nxc5 Rab8 23. Qc4 c6 24. Na6 cxd5 25. exd5 Rb6 26. Nc5 Rc8 27. Rc3 h6 28. Rfc1 Nd7 29. Qg4 Rxc5 30. Rxc5 Nxc5 31. Qc8+ Kh7 32. Qxc5 Bd3 33. Qxd6 Rxd6 34. Rc7 a6 35. Rxf7 e4 36. Re7 Rxd5 37. Bxe4+ Bxe4 38. Rxe4 Ra5 39. a4 Kg6 40. Kg2 Kf6 41. Kf3 g6 42. Ke3 Rd5 43. Rd4 Re5+ 44. Kd3 Ra5 45. f4 Ke6 46. Ke4 Rc5 47. Rb4 Rc6 48. a5 Kd7 49. g4 Rc5 50. Rb7+ Ke8 51. Rb6 Rxa5 52. Rxg6 Ra3 53. Rxh6 a5 54. h4 a4 55. Ra6 Ra1 56. Kf5 a3 57. h5 Kf7 58. Ra7+ Kg8 59. Kg6 Kf8 60. g5 Rg1 61. Rxa3 Rc1 62. f5 Rc8 63. f6 Kg8 64. Ra7 Kh8 65. Kh6 1-0

[Event "Titled Tuesday intern op 23rd Apr Early"]
[Site "Chess.com INT"]
[Date "2024.04.23"]
[Round "4"]
[White "Kleibel, Uwe"]
[Black "Badamkhand, Norovsambuu"]
[Result "1-0"]
[WhiteElo "2302"]
[BlackElo "1927"]
[PlyCount "49"]
[EventDate "2024.04.23"]
[EventType "swiss (blitz)"]
[EventRounds "11"]
[EventCountry "USA"]
[SourceTitle "EXT 2025"]
[Source "ChessBase"]
[SourceDate "2024.10.14"]
[SourceVersion "1"]
[SourceVersionDate "2024.10.14"]
[SourceQuality "1"]

1. e4 c6 2. Nc3 d5 3. Nf3 dxe4 4. Nxe4 Nf6 5. Qe2 Bf5 6. Nxf6+ gxf6 7. d4 Nd7 8. c3 e6 9. Nh4 Bg6 10. g3 Bd6 11. Bg2 Qc7 12. a4 Nb6 13. a5 Nd5 14. a6 b6 15. Bh6 Rg8 16. 0-0 Qc8 17. Rfe1 Ne7 18. c4 Bb4 19. Red1 Nf5 20. Nxf5 Bxf5 21. d5 cxd5 22. cxd5 Rg6 23. Qb5+ Qd7 24. Qxb4 Rxh6 25. dxe6 1-0

[Event "Las Vegas National op (Women)"]
[Site "Las Vegas"]
[Date "2019.06.12"]
[Round "4"]
[White "Badamkhand, Norovsambuu"]
[Black "Heredia Serrano, Carla Sofia"]
[Result "0-1"]
[WhiteElo "1978"]
[BlackElo "2159"]
[PlyCount "78"]
[EventDate "2019.06.11"]
[EventType "swiss"]
[EventRounds "9"]
[EventCountry "USA"]
[SourceTitle "EXT 2020"]
[Source "ChessBase"]
[SourceDate "2019.10.17"]
[SourceVersion "1"]
[SourceVersionDate "2019.10.17"]
[SourceQuality "1"]

1. d4 d5 2. c4 c6 3. Nc3 dxc4 4. a4 e5 5. Nf3 exd4 6. Nxd4 Nd7 7. e4 Ne5 8. Bf4 Bd6 9. Bxe5 Bxe5 10. Nf3 Bxc3+ 11. bxc3 Be6 12. Qxd8+ Rxd8 13. Nd4 Nf6 14. f3 Ke7 15. Nxe6 fxe6 16. Bxc4 Nd7 17. Rb1 Nb6 18. Be2 Rd7 19. Ra1 Rhd8 20. Ra2 e5 21. Kf2 Rd2 22. Rha1 R8d3 23. Rxd2 Rxd2 24. Ke3 Rc2 25. Ra3 Nd7 26. h4 g6 27. g3 Nc5 28. a5 Kf6 29. Bf1 Rc1 30. Bh3 Re1+ 31. Kf2 Nd3+ 32. Kg2 Re2+ 33. Kg1 Rb2 34. c4 Nc5 35. Bc8 Ke7 36. Bh3 Rb3 37. Rxb3 Nxb3 38. a6 bxa6 39. Kf2 a5 0-1

[Event "Las Vegas National op (Women)"]
[Site "Las Vegas"]
[Date "2018.06.21"]
[Round "5"]
[White "Ramya, Krishna Inapuri"]
[Black "Badamkhand, Norovsambuu"]
[Result "1-0"]
[WhiteElo "2117"]
[BlackElo "1989"]
[PlyCount "71"]
[EventDate "2018.06.20"]
[EventType "swiss"]
[EventRounds "5"]
[EventCountry "USA"]
[SourceTitle "EXT 2019"]
[Source "ChessBase"]
[SourceDate "2018.10.10"]
[SourceVersion "1"]
[SourceVersionDate "2018.10.10"]
[SourceQuality "1"]

1. d4 d5 2. Bf4 Bf5 3. Nf3 Nf6 4. c4 c6 5. c5 Ne4 6. Nc3 e6 7. Nxe4 Bxe4 8. e3 Nd7 9. Bd3 Be7 10. Bxe4 dxe4 11. Nd2 e5 12. Bxe5 Nxe5 13. dxe5 Qd5 14. Qc2 0-0-0 15. Nxe4 Qxe5 16. 0-0 f5 17. Ng3 Rdf8 18. b4 h5 19. Ne2 g5 20. Qc3 Qc7 21. Nd4 Bf6 22. Qc4 Bxd4 23. Qxd4 f4 24. exf4 gxf4 25. f3 h4 26. h3 Rd8 27. Qf6 Rhf8 28. Qe6+ Kb8 29. Rad1 Qg7 30. Rfe1 Ka8 31. Rxd8+ Rxd8 32. Qe5 Qg3 33. Qe7 Rb8 34. a4 a6 35. b5 Rg8 36. Qe8+ 1-0

[Event "Seattle Classic op"]
[Site "Seattle"]
[Date "2017.08.19"]
[Round "7"]
[White "Duleba, Krzysztof"]
[Black "Badamkhand, Norovsambuu"]
[Result "0-1"]
[WhiteElo "1691"]
[BlackElo "2044"]
[PlyCount "48"]
[EventDate "2017.08.16"]
[EventType "swiss"]
[EventRounds "9"]
[EventCountry "USA"]
[SourceTitle "EXT 2023"]
[Source "ChessBase"]
[SourceDate "2022.10.05"]
[SourceVersion "1"]
[SourceVersionDate "2022.10.05"]
[SourceQuality "1"]

1. Nf3 d5 2. e3 Nf6 3. b3 Bf5 4. Bb2 c6 5. Be2 Nbd7 6. 0-0 Qc7 7. d4 e6 8. c4 Be7 9. Nbd2 0-0 10. Ne5 Ne4 11. g4 Nxd2 12. Qxd2 Bg6 13. cxd5 exd5 14. f4 Be4 15. Bd3 Bxd3 16. Qxd3 Nf6 17. g5 Ne4 18. Qe2 f6 19. gxf6 Rxf6 20. Qh5 Bd6 21. Ng4 Rg6 22. Rf3 Nf6 23. Qf5 Nxg4 24. Rg3 Nxe3 0-1

[Event "Philadelphia int op 11th"]
[Site "Philadelphia"]
[Date "2017.06.25"]
[Round "4"]
[White "Badamkhand, Norovsambuu"]
[Black "Aravind, Neelakantan"]
[Result "1-0"]
[WhiteElo "2038"]
[BlackElo "1351"]
[PlyCount "97"]
[EventDate "2017.06.24"]
[EventType "swiss"]
[EventRounds "9"]
[EventCountry "USA"]
[SourceTitle "CBM 179 Extra"]
[Source "ChessBase"]
[SourceDate "2017.08.23"]
[SourceVersion "1"]
[SourceVersionDate "2017.08.23"]
[SourceQuality "1"]

1. d4 d5 2. c4 e6 3. Nc3 Nf6 4. cxd5 exd5 5. Bg5 Be7 6. e3 c6 7. Bd3 Nbd7 8. Nf3 0-0 9. Qc2 h6 10. Bf4 Re8 11. 0-0 Nh5 12. Nxd5 Nxf4 13. Nxf4 Bd6 14. Ne2 Nf8 15. Ng3 Bg4 16. Nd2 Rc8 17. Nde4 Bb8 18. Rfc1 Nd7 19. b4 Nf6 20. Nc5 Qe7 21. Qb2 Nd5 22. b5 Bd6 23. Bf5 Bxc5 24. dxc5 Bxf5 25. Nxf5 Qe5 26. Qxe5 Rxe5 27. Nd6 Rc7 28. bxc6 bxc6 29. Rab1 Ree7 30. a4 a5 31. Rb8+ Kh7 32. Kf1 Nb4 33. Ke2 Red7 34. Rb6 Kg6 35. f3 f5 36. Nc4 Ra7 37. Ne5+ Kf6 38. Nxd7+ Rxd7 39. Rb8 Nd3 40. Rc3 Nb4 41. Ra8 Rb7 42. Rb3 Re7 43. Rxa5 Nd5 44. Ra8 g5 45. Rd8 Ra7 46. Rd6+ Ke5 47. Rb8 Nf6 48. Rf8 Rxa4 49. Rfxf6 1-0

[Event "Washington State-chB"]
[Site "Redmond"]
[Date "2017.02.19"]
[Round "8"]
[White "Badamkhand, Norovsambuu"]
[Black "Rupel, David G"]
[Result "1-0"]
[WhiteElo "2033"]
[BlackElo "2027"]
[PlyCount "45"]
[EventDate "2017.02.11"]
[EventType "tourn"]
[EventRounds "9"]
[EventCountry "USA"]
[SourceTitle "EXT 2023"]
[Source "ChessBase"]
[SourceDate "2022.10.05"]
[SourceVersion "1"]
[SourceVersionDate "2022.10.05"]
[SourceQuality "1"]

1. d4 Nf6 2. c4 e6 3. Nc3 Bb4 4. Qc2 d5 5. e3 0-0 6. Nf3 c6 7. Bd3 Nbd7 8. 0-0 Re8 9. Ne5 Nxe5 10. dxe5 dxc4 11. Bxc4 Nd7 12. f4 b5 13. Bd3 Bxc3 14. Bxh7+ Kf8 15. bxc3 g6 16. Bxg6 fxg6 17. Qxg6 Re7 18. f5 Rg7 19. fxe6+ Kg8 20. Qh5 Nf8 21. Ba3 Nxe6 22. Rf6 c5 23. Rh6 1-0

[Event "Washington State-chB"]
[Site "Redmond"]
[Date "2017.02.18"]
[Round "6"]
[White "Badamkhand, Norovsambuu"]
[Black "Schill, William"]
[Result "1-0"]
[WhiteElo "2033"]
[BlackElo "2120"]
[PlyCount "112"]
[EventDate "2017.02.11"]
[EventType "tourn"]
[EventRounds "9"]
[EventCountry "USA"]
[SourceTitle "EXT 2023"]
[Source "ChessBase"]
[SourceDate "2022.10.05"]
[SourceVersion "1"]
[SourceVersionDate "2022.10.05"]
[SourceQuality "1"]

1. d4 Nf6 2. c4 g6 3. Nc3 Bg7 4. e4 d6 5. Nf3 0-0 6. Be2 e5 7. dxe5 dxe5 8. Qxd8 Rxd8 9. Bg5 c6 10. Nxe5 Re8 11. Rd1 Na6 12. f4 Nc5 13. Bf3 h6 14. Bxf6 Bxf6 15. 0-0 Bxe5 16. fxe5 Be6 17. b3 Nd7 18. Rd6 Nxe5 19. Rfd1 f6 20. Ne2 Nf7 21. R6d2 Ne5 22. Nf4 Kf7 23. Rd6 Re7 24. Nd3 Nxd3 25. R1xd3 a5 26. a4 Rae8 27. Rd1 Bc8 28. h4 Re5 29. R6d4 c5 30. Rd5 b6 31. h5 g5 32. Kf2 Bb7 33. Rd7+ R8e7 34. g4 Rxd7 35. Rxd7+ Re7 36. Rxe7+ Kxe7 37. Ke3 Bc8 38. Be2 Be6 39. Bf3 Kd6 40. Bd1 Ke5 41. Be2 Bd7 42. Bd1 Bc6 43. Bf3 Bb7 44. Bg2 Ba8 45. Bf3 Bc6 46. Bg2 f5 47. gxf5 g4 48. Bf1 Be8 49. Be2 Bxh5 50. Bd1 Kf6 51. Kf4 g3 52. e5+ Kg7 53. Bf3 g2 54. Bxg2 Bd1 55. f6+ Kf8 56. e6 Bxb3 1-0

[Event "Washington State-chB"]
[Site "Redmond"]
[Date "2017.02.11"]
[Round "1"]
[White "Badamkhand, Norovsambuu"]
[Black "Lin, Michael"]
[Result "0-1"]
[WhiteElo "2033"]
[BlackElo "2066"]
[PlyCount "80"]
[EventDate "2017.02.11"]
[EventType "tourn"]
[EventRounds "9"]
[EventCountry "USA"]
[SourceTitle "EXT 2023"]
[Source "ChessBase"]
[SourceDate "2022.10.05"]
[SourceVersion "1"]
[SourceVersionDate "2022.10.05"]
[SourceQuality "1"]

1. d4 Nf6 2. c4 g6 3. Nc3 Bg7 4. e4 d6 5. Nf3 0-0 6. Be2 e5 7. dxe5 dxe5 8. Qxd8 Rxd8 9. Bg5 Re8 10. Rd1 Na6 11. 0-0 Nc5 12. Nd5 Nxd5 13. exd5 a5 14. Be3 Bf8 15. Nd2 f5 16. b3 Ra6 17. a3 Nd7 18. f3 Bxa3 19. c5 Rf6 20. c6 Nb6 21. Bb5 Nxd5 22. cxb7 Bxb7 23. Bg5 c6 24. Bxf6 cxb5 25. Bg5 Bc5+ 26. Kh1 Be3 27. Nc4 Bxg5 28. Nd6 Re7 29. Nxb7 Ne3 30. Nxa5 Nxf1 31. Rxf1 Rc7 32. g3 Bd2 33. b4 Bxb4 34. Nb3 Rc2 35. Nc1 e4 36. fxe4 fxe4 37. Nb3 e3 38. Nd4 e2 39. Nxe2 Rxe2 40. Rb1 Re1+ 0-1

[Event "Wch U20 Girls 33rd"]
[Site "Khanty-Mansiysk"]
[Date "2015.09.15"]
[Round "13"]
[White "Vasova, Mariya"]
[Black "Badamkhand, Norovsambuu"]
[Result "1/2-1/2"]
[WhiteElo "2069"]
[BlackElo "2001"]
[PlyCount "97"]
[EventDate "2015.09.02"]
[EventType "swiss"]
[EventRounds "13"]
[EventCountry "RUS"]
[SourceTitle "EXT 2016"]
[Source "ChessBase"]
[SourceDate "2015.10.08"]
[SourceVersion "1"]
[SourceVersionDate "2015.10.08"]
[SourceQuality "1"]

1. e4 c6 2. d4 d5 3. Nd2 dxe4 4. Nxe4 Bf5 5. Ng3 Bg6 6. Nh3 Nf6 7. Nf4 Nd5 8. h4 Nxf4 9. Bxf4 h6 10. h5 Bh7 11. c3 e6 12. Bd3 Bxd3 13. Qxd3 Bd6 14. Bxd6 Qxd6 15. 0-0-0 Nd7 16. Ne4 Qc7 17. Kb1 0-0-0 18. Qe2 Qf4 19. g3 Qf5 20. g4 Qf4 21. Qe3 Qxe3 22. fxe3 Nb6 23. Rhf1 f6 24. Kc2 Rhe8 25. b3 Nd5 26. Rde1 e5 27. Rf2 Kc7 28. Rfe2 Rd7 29. Ng3 a5 30. Nf5 b5 31. c4 bxc4 32. bxc4 Nb6 33. Kd3 Na4 34. Rc1 Nc5+ 35. Kd2 Ne4+ 36. Ke1 Rb8 37. Rec2 Nd6 38. d5 Nxf5 39. gxf5 e4 40. Kf2 cxd5 41. cxd5+ Kd6 42. Kg3 Ke5 43. Kg4 Rbb7 44. Rc6 Rd6 45. Rc7 Rb2 46. Re7+ Kxd5 47. Rec7 Ke5 48. Re7+ Kd5 49. Rec7 1/2-1/2